00851cam a22002411 4500001001300000003000400013005001700017008004100034010001700075035001900092040001900111042001200130050001600142082001000158100003200168245015200200260005000352300001800402500011000420650000900530700005300539999001700592med47001005 DLC20260227111601.0791019s1947 ksu 000 0 eng  amed47001005  a(OCoLC)5539879 aDLCcOBgUdDLC apremarc00aRC881b.C37 a616.61 aCauldwell, David O.,d1896-10aHypersexuality - - - is anyone oversexed?bViewpoints of physiologists, psychiatrists, and sociologists on precocious sexuality and nymphomania ... aGirard, Kan.,bHaldeman-Julius pubns,c[1947] a32 p.c22 cm. aEdited by E. Haldeman-Julius ; includes his "Notes and comments ... reprinted from The American freeman." 0aSex.2 aHaldeman-Julius, E.q(Emanuel),d1888-1951,eed. c38238d38238